[Event "Medicine Hat op"]
[Site "Medicine Hat"]
[Date "2014.09.20"]
[Round "2.6"]
[White "Migrino, Quirck"]
[Black "Anderson, Mark C"]
[Result "0-1"]
[WhiteElo "1292"]
[BlackElo "1714"]
[PlyCount "128"]
[EventDate "2014.09.20"]
[EventType "swiss"]
[EventRounds "5"]
[EventCountry "CAN"]
[SourceTitle "EXT 2022"]
[Source "ChessBase"]
[SourceDate "2021.10.06"]
[SourceVersion "1"]
[SourceVersionDate "2021.10.06"]
[SourceQuality "1"]

1. e4 c6 2. d4 d5 3. Nc3 dxe4 4. Nxe4 Bf5 5. Nc3 e6 6. Be2 Nf6 7. Nf3 Nbd7 8. Bg5 Be7 9. 0-0 h6 10. Bh4 0-0 11. Re1 Re8 12. Bd3 Bxd3 13. Qxd3 Qb6 14. Rab1 Bd6 15. Ne5 Qc7 16. Bg3 Rad8 17. Nxd7 Rxd7 18. Bxd6 Qxd6 19. Rbd1 Red8 20. Ne4 Qe7 21. Nxf6+ Qxf6 22. c3 Rd5 23. Re3 Rf5 24. Qe2 Rdd5 25. Rdd3 Ra5 26. b4 Rad5 27. Rf3 Rf4 28. g3 Rff5 29. Rxf5 Rxf5 30. Re3 Qg5 31. h4 Qf6 32. Re5 Kf8 33. Rxf5 Qxf5 34. Qb2 a6 35. Qb3 Ke7 36. a4 Qd5 37. Qxd5 cxd5 38. f4 Kd6 39. Kf2 f6 40. Ke3 h5 41. Kf3 g6 42. Ke3 e5 43. fxe5+ fxe5 44. Kf3 e4+ 45. Ke3 b5 46. a5 Ke6 47. Kf4 Kf6 48. Ke3 Kf5 49. Kf2 Kg4 50. Ke3 Kf5 51. Kd2 g5 52. Ke3 gxh4 53. gxh4 Kg4 54. c4 dxc4 55. Kxe4 c3 56. Kd3 c2 57. Kxc2 Kxh4 58. Kd3 Kg5 59. Ke4 Kf6 60. d5 h4 61. Kd4 h3 62. Kc5 Ke7 63. Kb6 h2 64. Kxa6 h1Q 0-1